| 000 | 00707nam a2200265 a 4500 | ||
|---|---|---|---|
| 003 | AR-BaBNM | ||
| 005 | 20251128203200.0 | ||
| 008 | 082120s2002 ||||||||||||||000 | spa|| | ||
| 040 | _cAR-BaBNM | ||
| 100 | 1 | _aOutes, Félix Faustino | |
| 245 | 0 | 0 | _aLos aborígenes de la República Argentina |
| 250 | _a10ª ed. | ||
| 260 |
_aBuenos Aires _bEstrada _c1951 |
||
| 300 |
_a149 p. _bil., mapas |
||
| 504 | _aBibliografía al final de cada capítulo | ||
| 650 | 4 | _aPOBLACIONES ABORIGENES | |
| 650 | 4 | _aABORIGENES | |
| 650 | 4 | _aCOSTUMBRES Y TRADICIONES | |
| 650 | 4 | _aCULTURA | |
| 650 | 4 | _aCOMPORTAMIENTO SOCIAL | |
| 651 | 4 | _aArgentina | |
| 700 | 1 | _aBruch, Carlos | |
| 942 | _cBK | ||
| 998 | _cCarmen | ||
| 999 |
_c2281 _d2281 |
||